Big 12 College Logo Quiz - Statistics

General Stats
  • This quiz has been taken 679 times
    601 since last reset
  • The average score is 13 of 16
Answer Stats
Picture Answer % Correct
Arizona Wildcats
98%
Baylor Bears
96%
Arizona St Sun Devils
95%
Colorado Buffaloes
88%
Kansas Jayhawks
86%
Houston Cougars
85%
Texas Tech Red Raiders
84%
Oklahoma St Cowboys
82%
West Virginia Mountaineers
81%
Utah Utes
79%
Cincinnati Bearcats
78%
Kansas St Wildcats
77%
TCU Horned Frogs
74%
BYU Cougars
73%
UCF Knights
67%
Iowa St Cyclones
53%
No matching quizzes found
Score Distribution
Percent of People with Each Score
Percentile by Number Answered
Your Score History
You have not taken this quiz since the last reset